Представление документа в формате MARC21

Поле Инд. ПП Название Значение
Тип записи a
Библиографический уровень b
001 Контрольный номер RU/IS/BASE/358879320
005 Дата корректировки 20200630193308.3
008 Кодируемые данные 20110516
040 b Код языка каталог. rus
e Правила каталог. PSBO
041 0_ a Код языка текста rus
084 a Индекс другой классификации/Индекс ББК 83.3(2=411.2)6
100 1_ a Автор Кротова Д. В.
q Полное имя Кротова Дарья Владимировна
245 11 a Заглавие "Голубая книга" М. М. Зощенко как симфония
504 a Библиография Библиогр.: с. 134
520 0_ a Аннотация В работе анализируется структура "Голубой книги" М. М. Зощенко. Автором статьи обосновывается положение о том, что в названном сочинении своеобразно, но довольно точно воспроизводится строение симфонического цикла. Данное положение подтверждается как суждениями самого Зощенко, так и детальным сопоставлением различных частей "Голубой книги" с частями классической симфонии
600 14 a Персоналии Зощенко Михаил Михайлович
650 14 a Основная рубрика история литературы
a Основная рубрика литературоведение
a Основная рубрика филологические науки
653 1_ a Ключевые слова "Голубая книга"
a Ключевые слова XX век
a Ключевые слова классическая музыка
a Ключевые слова музыка
a Ключевые слова музыкальность
a Ключевые слова проза
a Ключевые слова рассказы
a Ключевые слова Россия
a Ключевые слова симфонии
a Ключевые слова содержание литературного произведения
a Ключевые слова СССР
a Ключевые слова структура произведения
773 08 t Заглавие источника Вестник Московского университета. Серия 9, Филология
d Дата издания источника 2010
g Прочая информация № 5. - С. 121 - 134
w Контрольный № источника RU/IS/BASE/354127374
901 t Тип документа b